000 00837cab a2200241 4500
001 WB3135-17
008 090401t1995 xxu||||| |||| 00| 0 eng d
035 _a(Sirsi) u70385
041 _aeng
245 _aHousing Association rents
260 _c1995
350 _a0
490 _aProperty Week
_v52(12) 21 September 1995, 19(1)
520 _aHousing association rents are rising 3% a year more than other private rents, causing a convergence of rents in the two sectors, according to research by the Department of Land Economy at Cambridge University for the Joseph Rowntree Foundation.
650 _aCAMBRIDGE UNIVERSITY
650 _aDEPARTMENT OF LAND ECONOMY
650 _aHOUSING ASSOCIATIONS
650 _aJOSEPH ROWNTREE FOUNDATION
650 _aRENTS
690 _aHOUSING
942 _n0
948 _c04/03/1997
999 _c44258
_d44258